000
00306nam a2200121Ia 4500
008
150201s2013 xx 000 0 und d
082
_a
333.707
_b
SHA
100
_a
Sharma, R. A
245
_a
Environmental study of education
260
_b
Loyal book Depot
_a
Meerut
_c
2013
300
_a
459p.
942
_2
ddc
_c
BK
999
_c
5654
_d
5654